000 00610nam a2200229Ia 4500
003 OSt
005 20221007074844.0
006 a|||||r|||| 00| 0
007 ta
008 221006b |||||||| |||| 00| 0 eng d
024 _a15,657
037 _cTextual
040 _aFLL
_cFLL
_beng
041 _2eng
_aeng
082 _aX62.2.N7, L9
100 _aGhosh D.N. Au.
_9693240
245 0 _aBanking policy in India
260 _aNew Delhi
_bAllied Publishers Pvt. Ltd. India
_c1979
300 _a385p
_ccm.
942 _hX62.2.N7, L9
_cTEXL
_2CC
999 _c1153921
_d1153921